Statistics for Europa League Top Goal Scorers

Click here to take the quiz!

General Stats

  • This quiz has been taken 220 times
    (104 since last reset)
  • The average score is 8 of 45

Answer Stats

#PlayerNationality% Correct
40Henrik LarssonSweden
80%
31Radamel FalcaoColombia
74%
27Pierre-Emerick AubameyangGabon
71%
25Edin DžekoBosnia
54%
20Edinson CavaniUruguay
47%
29Dieter MüllerGermany
36%
20Romelu LukakuBelgium
34%
24Carlos BaccaColombia
32%
24Claudio PizarroPeru
32%
20Andrey ArshavinRussia
29%
34Klaas-Jan HuntelaarNetherlands
24%
21Harry KewellAustralia
19%
22Bruno FernandesPortugal
18%
21Francesco TottiItaly
18%
21Alan ShearerEngland
15%
31Aritz AdurizSpain
15%
20Frédéric KanoutéMali
14%
26Kevin GameiroFrance
14%
23Alexandre LacazetteFrance
13%
22Dennis BergkampNetherlands
12%
22Manuel FernandesPortugal
12%
25Jermain DefoeEngland
11%
27Shota ArveladzeGeorgia
11%
32Alfredo MorelosColombia
8%
20Giuseppe RossiItaly
8%
22Jürgen KlinsmannGermany
7%
26Munas DabburIsrael
7%
25Mladen PetrićSwitzerland
6%
27Vágner LoveBrazil
6%
23Óscar CardozoPortugal
5%
22Aleksandr KerzhakovRussia
4%
20Darko KovačevićSerbia
4%
20Guillaume HoarauFrance
4%
20Jimmy Floyd HasselbainkNetherlands
4%
22Karl-Heinz RummeniggeGermany
4%
20Sonny AndersonBrazil
4%
23AlanBrazil
2%
25Alessandro AltobelliItaly
2%
21Demis NikolaidisGreece
2%
23Dimitris SalpingidisGreece
2%
24Ivan TričkovskiNorth Macedonia
2%
23Jupp HeynckesGermany
2%
22Martin ChiversEngland
2%
22Ricky van WolfswinkelNetherlands
2%
21Ulf KirstenGermany
2%

Score Distribution

Percentile by Number Answered

Percent of People with Each Score

Your Score History

You have not taken this quiz since the last reset